| 000 | 00350nam a2200145Ia 4500 | ||
|---|---|---|---|
| 008 | 230312s9999||||xx |||||||||||||| ||und|| | ||
| 020 | _a3-8331-5169-9 | ||
| 082 |
_a728.37 _bBRA-M |
||
| 100 | _aBradbury;Dominic | ||
| 245 | 0 | _aMountain modern | |
| 260 |
_bDominic _aUSA _c2014 |
||
| 300 | _a255 | ||
| 650 |
_aArchitecture _vArchitecture |
||
| 942 | _cBK | ||
| 999 |
_c12685 _d12685 |
||